Los nuevos escenarios en la dinámica de la integración Suramericana /
El objetivo de este estudio es doble. Por una parte, se trata de presentar una caracterización económica de los diferentes países y tratados de integración. Por otra parte, se establece una caracterización de lo que podrían ser ejes operativos concretos para la integración
保存先:
| 第一著者: | |
|---|---|
| その他の著者: | |
| フォーマット: | 不明 |
| 出版事項: |
Maracaibo:
CEELA
|
| 主題: | |
| タグ: |
タグ追加
タグなし, このレコードへの初めてのタグを付けませんか!
|
MARC
| LEADER | 00000 a2200000 04500 | ||
|---|---|---|---|
| 001 | 39326 | ||
| 003 | |||
| 008 | 991231s d | ||
| 040 | |||
| 020 | |a 978-980-6992-83-2 | ||
| 022 | |a 978-980-6992-83-2 | ||
| 090 | |a 0001 B849n | ||
| 100 | |a Briceño Ruiz, José | ||
| 245 | |a Los nuevos escenarios en la dinámica de la integración Suramericana / |c José Briceño Ruiz | ||
| 260 | |a Maracaibo: |b CEELA | ||
| 300 | |a 316 p. | ||
| 520 | |a El objetivo de este estudio es doble. Por una parte, se trata de presentar una caracterización económica de los diferentes países y tratados de integración. Por otra parte, se establece una caracterización de lo que podrían ser ejes operativos concretos para la integración | ||
| 650 | |a INTEGRACION REGIONAL | ||
| 650 | |a CRECIMEINTO ECONOMICO | ||
| 650 | |a DESARROLLO ECONOMICO | ||
| 650 | |a COMERCIO INTERNACIONAL | ||
| 650 | |a EXPORTACIONES | ||
| 650 | |a IMPORTACIONES | ||
| 650 | |a TRATADOS INTERNACIONALES | ||
| 650 | |a AMERICA LATINA Y EL CARIBE | ||
| 650 | |a ESTADISTICAS ECONOMICAS | ||
| 650 | |a COMERCIO INTERNACIONAL | ||
| 700 | |a Acosta Kanquis, Nebis, compilador | ||
| 999 | |c 13966 |d 13966 | ||



